[Event "Helsinki op"]
[Site "Helsinki"]
[Date "1992.??.??"]
[Round "5"]
[White "Arakhamia, Ketevan"]
[Black "Novikov, Igor A"]
[Result "1-0"]
[WhiteElo "2435"]
[BlackElo "2585"]

1.e4 c5 2.Nf3 d6 3.d4 cxd4 4.Nxd4 Nf6 5.Nc3 a6 6.Be2 e6 7.O-O Be7 8.f4 O-O
9.Be3 Qc7 10.Qe1 Nc6 11.Qg3 Nxd4 12.Bxd4 b5 13.a3 Bb7 14.Kh1 Bc6 15.Bd3 Qb7
16.Rae1 b4 17.axb4 Qxb4 18.Ne2 Qb7 19.Nc3 Qb4 20.Ne2 Qb7 21.e5 Nh5 22.Qh3 g6
23.Ng3 dxe5 24.Bxe5 Nxg3+ 25.hxg3 Rac8 26.Kh2 Bb5 27.Rh1 f5 28.g4 Bxd3 29.Qxd3 fxg4
30.Kg3 Bf6 31.Rh6 Bxe5 32.Rxe5 Qf7 33.Qe4 Rxc2 34.f5 Qg7 35.Rxe6 Qc7+ 36.Qe5 gxf5
37.Reg6+ hxg6 38.Rh8+  1-0

[Event "Helsinki op"]
[Site "Helsinki"]
[Date "1992.??.??"]
[Round "7"]
[White "Gurieli, Nino"]
[Black "Novikov, Igor A"]
[Result "0-1"]
[WhiteElo "2375"]
[BlackElo "2585"]

1.e4 c5 2.c3 d5 3.exd5 Qxd5 4.d4 Nf6 5.Nf3 e6 6.Be2 cxd4 7.cxd4 Nc6 8.Nc3 Qd6
9.O-O Be7 10.Bg5 O-O 11.Qd2 b6 12.Rad1 Bb7 13.Rfe1 Rfd8 14.Bf4 Qd7 15.Bb5 a6
16.Ne5 Qc8 17.Bxc6 Bxc6 18.Rc1 Qb7 19.Nxc6 Qxc6 20.Qe3 Qb7 21.h3 Rac8 22.Be5 Ne8
23.Rcd1 Bb4 24.d5 exd5 25.Bd4 b5 26.Bb6 Nc7 27.Bxc7 Rxc7 28.a3 Bf8 29.Qg5 Rcd7
30.Rd3 h6 31.Qg4 g6 32.Red1 Bg7 33.Qf3 d4 34.Ne4 Qd5 35.Nf6+ Bxf6 36.Qxf6 a5
37.Qb6 a4 38.Rxd4 Qxd4 39.Rxd4 Rxd4 40.Qxb5 h5 41.g3 R8d5 42.Qe8+ Kg7 43.h4 Rf5
44.Qe3 Rd1+ 45.Kg2 Kh7 46.Qc3 Rdd5 47.Qb4 Rb5 48.Qd4 Rb7 49.Qxa4 Rxb2 50.Qa7 Rbb5
51.Qe7 Ra5 52.Qe3 Ra8 53.Qe7 Kg8 54.Qb4 Rfa5 55.Qe7 Rxa3 56.g4 R3a7 57.Qe3 hxg4
58.h5 Ra6 59.hxg6 Rxg6 60.Qe7 Raa6 61.Qe8+ Kg7 62.Qe5+ Kh7 63.Qh5+ Kg8 64.Qe5 Rae6
65.Qb8+ Kg7 66.Qb2+ Kh7 67.Qc2 Rf6 68.Qc5 Rf3 69.Qd5 Kh6 70.Qd8 Kg7 71.Qd4+ Rff6
72.Qe5 Rh6 73.Qd4 Rh5 74.Kf1 Rg5 75.Ke2 g3 76.fxg3 Rxg3 77.Qe5 Rg4 78.Ke3 Kg6
79.Qb8 Kh7 80.Qh2+ Rh6 81.Qc2+ Rgg6 82.Qf5 Kg8 83.Qc8+ Kg7 84.Qc3+ Kh7 85.Qc2 Rh3+
86.Kf4 Rh1 87.Qd3 Rf1+ 88.Ke4 Re1+ 89.Kf4 Rc1 90.Kf3 Kg7 91.Qd4+ Rf6+ 92.Ke2 Rc6
93.Qb2 Re6+ 94.Kd3 Kh7 95.Qh2+ Rh6 96.Qf4 Rd6+ 97.Kc4 Kg8 98.Kc5 Rc6+ 99.Kd5 Rhd6+
100.Ke5 Ra6 101.Qc4 Kg7 102.Qc3 Rh6 103.Kf5+ Kh7 104.Kf4 Raf6+ 105.Kg3 Rhg6+
106.Kh2 Rf5  0-1

[Event "Kuopio op"]
[Site "Kuopio"]
[Date "1992.??.??"]
[Round "4"]
[White "Berdichevski, Igor"]
[Black "Novikov, Igor A"]
[Result "0-1"]
[WhiteElo "2415"]
[BlackElo "2585"]

1.d4 d5 2.Nf3 Nf6 3.c4 e6 4.Bg5 h6 5.Bxf6 Qxf6 6.Nc3 c6 7.e3 Nd7 8.a3 g6
9.Be2 Bg7 10.O-O dxc4 11.Bxc4 O-O 12.Qe2 Qe7 13.Rfd1 b5 14.Ba2 Bb7 15.Rac1 Rac8
16.h3 a6 17.e4 c5 18.d5 c4 19.d6 Qf6 20.Bb1 Rfd8 21.Rd2 Nc5 22.Bc2 e5 23.Rcd1 Qe6
24.Qe3 Bf8 25.Nd5 Rxd6 26.b4 cxb3 27.Bxb3 Nxb3 28.Qxb3 Rcd8 29.a4 Bc6 30.axb5 axb5
31.g3 Bxd5 32.exd5 Qf5 33.Ne1 Rb6 34.Kg2 Bc5 35.Nc2 Qe4+ 36.Kh2 Qc4 37.Qb2 Rf6
38.f4 Rf5 39.fxe5 Rxd5 40.Nd4 Rf1 41.Rxf1 Qxf1 42.e6 fxe6 43.Ne2 Qf2+ 44.Kh1 Qe1+  0-1

[Event "Bern op"]
[Site "Bern"]
[Date "1993.??.??"]
[Round "2"]
[White "Novikov, Igor A"]
[Black "Rhodin, Christian"]
[Result "1-0"]
[WhiteElo "2540"]
[BlackElo "2245"]

1.d4 Nf6 2.c4 e6 3.Nf3 b6 4.g3 Bb7 5.Bg2 Be7 6.O-O O-O 7.b3 c5 8.Nc3 Ne4
9.Bb2 Bf6 10.Qd3 d5 11.cxd5 Nxc3 12.Bxc3 cxd4 13.Bb4 Ba6 14.Qd2 Re8 15.Nxd4 Bxd4
16.Qxd4 Nc6 17.Qg4 Nxb4 18.dxe6 Rxe6 19.Rfd1 Qf8 20.Bxa8 Bxe2 21.Bf3 Bxd1
22.Rxd1 Qe7 23.a3 Nc6 24.Bxc6 Rxc6 25.Qe4  1-0

[Event "Bern op"]
[Site "Bern"]
[Date "1993.??.??"]
[Round "4"]
[White "Novikov, Igor A"]
[Black "Meijers, Viesturs"]
[Result "1/2-1/2"]
[WhiteElo "2540"]
[BlackElo "2380"]

1.d4 d5 2.c4 e6 3.Nf3 Nf6 4.Nc3 Be7 5.Bg5 O-O 6.e3 b6 7.Bd3 Bb7 8.O-O Nbd7
9.Qe2 a6 10.Rfd1 Re8 11.Rac1 Nf8 12.Bf4 Ng6 13.Bg3 Nh5 14.Be5 Nf6 15.cxd5 exd5
16.Qc2 Nf8 17.Na4 c6 18.Bg3 g6 19.Ne5 Rc8 20.Qb3 N8d7 21.e4 b5 22.Bb1 Nxe5
23.dxe5 Nh5 24.exd5 Nxg3 25.hxg3 cxd5 26.Rxc8 Qxc8 27.Nb6  1/2-1/2

[Event "Bern op"]
[Site "Bern"]
[Date "1993.??.??"]
[Round "9"]
[White "Winterstein, Wolfgang"]
[Black "Novikov, Igor A"]
[Result "0-1"]
[WhiteElo "2310"]
[BlackElo "2540"]

1.e4 c5 2.Nf3 d6 3.d4 cxd4 4.Nxd4 Nf6 5.Nc3 a6 6.Bg5 e6 7.f4 Qb6 8.Qd2 Qxb2
9.Nb3 Nc6 10.Bd3 d5 11.Bxf6 gxf6 12.Na4 Qa3 13.Nb6 d4 14.O-O Rb8 15.f5 Qb4
16.Nxc8 Qxd2 17.Nxd2 Rxc8 18.fxe6 fxe6 19.Rxf6 Bg7 20.Rff1 Ne5 21.Rfb1 Bh6
22.Nf1 O-O 23.Rxb7 Nxd3 24.cxd3 Rc2 25.Re1 Rxa2 26.Re7 Rff2 27.Rxe6 Bf8 28.Rc6 a5
29.e5 Rxg2+ 30.Kh1 a4 31.e6 Be7 32.Rc7 Kf8 33.Re4 Rgf2 34.Kg1 a3 35.Rg4 Rac2
36.Ra7 Bc5 37.Ra8+ Ke7 38.Ra6 a2 39.Rg7+ Kf8 40.Rd7 Rxf1+ 41.Kxf1 Rc1+ 42.Ke2 a1=Q
43.Rxa1 Rxa1 44.Rxh7 Ra6 45.Rh8+ Kg7 46.Re8 Kf6 47.Kf3 Be7 48.Ke4 Rxe6+ 49.Kd5 Rd6+
50.Kc4 Kf7 51.Rc8 Bf6 52.Rc5 Ke6 53.Rc8 Rd7 54.Rc6+ Ke5 55.Rc5+ Kf4 56.Rc6 Kf5
57.Rc5+ Be5 58.Rc8 Rh7 59.Rf8+ Bf6  0-1

[Event "Cattolica"]
[Site "Cattolica"]
[Date "1993.??.??"]
[Round "2"]
[White "Zinina, N."]
[Black "Novikov, Igor A"]
[Result "0-1"]
[WhiteElo "2190"]
[BlackElo "2545"]

1.e4 c5 2.c3 d5 3.exd5 Qxd5 4.d4 Nf6 5.Nf3 e6 6.Bd3 Be7 7.O-O O-O 8.Be3 Rd8
9.c4 Qh5 10.Be2 Ng4 11.Bf4 cxd4 12.h3 Nh6 13.Bc7 d3 14.Bxd3 Rd7 15.Bf4 Nc6
16.Qe2 Nb4 17.Rd1 Nxd3 18.Rxd3 g5 19.Rxd7 Bxd7 20.Qd2 Bc6 21.Be3 Bxf3 22.gxf3 Rd8
23.Qe2 Qxh3 24.Nd2 Nf5 25.Qf1 Qh5 26.Rd1 Nh4 27.Qe2 Rxd2  0-1

[Event "Cattolica"]
[Site "Cattolica"]
[Date "1993.??.??"]
[Round "3"]
[White "Novikov, Igor A"]
[Black "Nurkic, Sahbaz"]
[Result "1-0"]
[WhiteElo "2545"]
[BlackElo "2395"]

1.d4 Nf6 2.c4 g6 3.Nc3 Bg7 4.e4 d6 5.Nge2 O-O 6.Ng3 e5 7.d5 Ne8 8.Be2 Qh4
9.O-O Nd7 10.Be3 f5 11.exf5 gxf5 12.f4 exf4 13.Bxf4 Ne5 14.Nh5 Ng6 15.g3 Qe7
16.Nxg7 Nxg7 17.Qd2 Nxf4 18.Rxf4 Bd7 19.Raf1 Rae8 20.R4f2 Qf6 21.Bd3 Re7
22.Ne2 Rfe8 23.Qc3 Qxc3 24.Nxc3 Re3 25.Rf3 f4 26.gxf4 Bh3 27.Rxe3 Rxe3 28.Rd1 Bg4
29.Rd2 Nh5 30.Be2 Bxe2 31.Rxe2 Rxe2 32.Nxe2 c6 33.dxc6 bxc6 34.Kf2 Kf7 35.Kf3 Nf6
36.Nd4 c5 37.Nb5 Ke6 38.Nxa7 d5 39.b3 dxc4 40.bxc4 Nd7 41.Nc6 Nb6 42.Ne5 Kf5
43.Ng4  1-0

[Event "Cattolica"]
[Site "Cattolica"]
[Date "1993.??.??"]
[Round "8"]
[White "Ortega, Lexy"]
[Black "Novikov, Igor A"]
[Result "0-1"]
[WhiteElo "2450"]
[BlackElo "2545"]

1.d4 Nf6 2.c4 e6 3.Nc3 Bb4 4.Qc2 c5 5.dxc5 O-O 6.a3 Bxc5 7.Nf3 b6 8.Bg5 Bb7
9.e4 Be7 10.Be2 d6 11.Rd1 Nbd7 12.O-O Qc7 13.Bf4 a6 14.h3 Rac8 15.g4 Qb8
16.g5 Ne8 17.b4 g6 18.Qd2 f6 19.gxf6 Bxf6 20.Bh6 Rf7 21.Nd4 Ne5 22.Nxe6 Nxc4
23.Qa2 b5 24.Nd5 Bxd5 25.exd5 Ng7 26.Bg4 Ne5 27.Rc1 Rc4 28.Rxc4 bxc4 29.Rc1 Qa8
30.f4 Nxg4 31.Qxc4 Bd4+ 32.Qxd4 Nxh6 33.Qc3 Nxe6 34.dxe6 Re7 35.Qf6 Nf5 36.Rc3 Qe8  0-1

[Event "Cattolica"]
[Site "Cattolica"]
[Date "1993.??.??"]
[Round "9"]
[White "Novikov, Igor A"]
[Black "Shneider, Aleksandr"]
[Result "1/2-1/2"]
[WhiteElo "2545"]
[BlackElo "2560"]

1.d4 Nf6 2.c4 e6 3.Nf3 b6 4.g3 Bb7 5.Bg2 Be7 6.O-O O-O 7.Nc3 Ne4 8.Nxe4 Bxe4
9.Ne1 Bxg2 10.Nxg2 d5 11.Qa4 dxc4 12.Qxc4 c5 13.Be3 cxd4 14.Bxd4 Qc8 15.Rac1 Qxc4
16.Rxc4 Na6  1/2-1/2

[Event "HUN-chT"]
[Site "HUN"]
[Date "1993.??.??"]
[Round "?"]
[White "Klaric, Zlatko"]
[Black "Novikov, Igor A"]
[Result "0-1"]
[WhiteElo "2420"]
[BlackElo "2585"]

1.d4 d5 2.Bf4 Nf6 3.e3 e6 4.Nf3 Bd6 5.Nbd2 c5 6.c3 Nc6 7.Bd3 Bxf4 8.exf4 Qb6
9.dxc5 Qxb2 10.O-O Qxc3 11.Nb3 Nd7 12.Bb5 Qb4 13.Bxc6 bxc6 14.Nfd4 Nxc5 15.Qc1 Nd7
16.Nxc6 Qd6 17.Nbd4 Ba6 18.Re1 O-O 19.Qd2 Rfc8 20.Rac1 Bc4 21.Ne5 Nxe5 22.Rxe5 Rab8
23.h4 Rb6 24.Rc3 Qe7 25.h5 Rb1+ 26.Kh2 Qh4+ 27.Rh3 Rb2 28.Rxh4 Rxd2 29.f5 Rxf2
30.fxe6 fxe6 31.Rxe6 Rcf8 32.Nc6 R2f6 33.Ne7+ Kf7 34.Re5 Re8 35.Nxd5 Rxe5
36.Nxf6 Bxa2 37.Nxh7 Bb1 38.Rf4+ Kg8 39.Nf8 Rxh5+ 40.Kg3 Bf5 41.Kf3 Rg5 42.Ke3 Kxf8
43.g4 g6 44.gxf5 Rxf5 45.Rc4 Kg7 46.Rc7+ Rf7 47.Rc6 a5 48.Ra6 Rf5 49.Ke4 Kh6
50.Kd4 Kh5 51.Ke4 Rb5 52.Kf3 Rb3+ 53.Kf2 Ra3 54.Rc6 g5 55.Rc4 Rb3 56.Ra4 Rb5
57.Kf3 Kg6 58.Rc4 Kf5 59.Rc8 Rb3+ 60.Kf2 a4 61.Ra8 a3 62.Ra4 g4 63.Kg2 g3  0-1

[Event "HUN-chT"]
[Site "HUN"]
[Date "1993.??.??"]
[Round "?"]
[White "Novikov, Igor A"]
[Black "Volosin, Vladimir"]
[Result "1-0"]
[WhiteElo "2585"]
[BlackElo "2320"]

1.d4 Nf6 2.c4 e6 3.Nf3 b6 4.g3 Bb7 5.Bg2 Bb4+ 6.Bd2 Bxd2+ 7.Qxd2 O-O 8.Nc3 d6
9.d5 e5 10.O-O Ne8 11.e4 Nd7 12.Ne1 a5 13.f4 Ba6 14.b3 a4 15.Nd3 axb3 16.axb3 Nef6
17.Ra3 Qe7 18.Rfa1 Bb7 19.Rxa8 Rxa8 20.Rxa8+ Bxa8 21.Qa2 Qd8 22.fxe5 Nxe5
23.Nxe5 dxe5 24.b4 Bb7 25.Bh3 Qb8 26.c5 bxc5 27.bxc5 Bc8 28.Bxc8 Qxc8 29.c6 Ne8
30.Nb5 h5 31.Qc4 Qg4 32.Qd3 Qg5 33.Qc3 Qe7 34.Kg2 h4 35.gxh4 Qxh4 36.Qxe5 Qg4+
37.Kf2 Nf6 38.Nc3 Qh4+ 39.Ke2 Qg4+ 40.Kd3 Qf3+ 41.Kc4 Ng4 42.Qxc7 Ne3+ 43.Kc5 Qf1
44.Qd8+ Kh7 45.Qh4+ Kg8 46.c7 Qc4+ 47.Kd6 Qxc3 48.Kd7  1-0

[Event "New York op"]
[Site "New York"]
[Date "1993.??.??"]
[Round "1"]
[White "Novikov, Igor A"]
[Black "Popovych, Orest"]
[Result "1-0"]
[WhiteElo "2540"]
[BlackElo "2265"]

1.d4 Nf6 2.c4 g6 3.Nc3 Bg7 4.e4 d6 5.Nge2 O-O 6.Ng3 e5 7.d5 a5 8.Be2 Na6
9.h4 Nc5 10.h5 c6 11.Be3 cxd5 12.cxd5 Bd7 13.a4 Qb6 14.Ra3 Qb4 15.f3 Ne8
16.hxg6 hxg6 17.Nf1 f5 18.Nd2 Nf6 19.exf5 gxf5 20.Nc4 e4 21.O-O Nd3 22.Bxd3 exd3
23.Qxd3 Rac8 24.Nd2 Qh4 25.Bf2 Qh7 26.Nc4 Nh5 27.Ne2 Rf6 28.Nb6 Rh6 29.Be3 Re8
30.Nxd7 Nf4 31.Nxf4 Rh1+ 32.Kf2 Qh4+ 33.g3 Rh2+ 34.Ng2 Qh3 35.Rg1 Re7 36.Qc4 f4
37.Bxf4 Qxd7 38.Re3 Bxb2 39.Rxe7 Qxe7 40.Rb1  1-0

[Event "New York op"]
[Site "New York"]
[Date "1993.??.??"]
[Round "2"]
[White "Brenninkmeijer, Joris"]
[Black "Novikov, Igor A"]
[Result "1/2-1/2"]
[WhiteElo "2475"]
[BlackElo "2540"]

1.d4 d5 2.c4 e6 3.Nf3 Nf6 4.Bg5 h6 5.Bxf6 Qxf6 6.Nc3 c6 7.Qb3 dxc4 8.Qxc4 Nd7
9.Rd1 Qe7 10.Qb3 g6 11.e4 Bg7 12.e5 O-O 13.Ne4 c5 14.dxc5 Nxc5 15.Qa3 b6
16.Nxc5 Qxc5 17.Qxc5 bxc5 18.Bc4 Bb7 19.Ke2 Bxf3+ 20.Kxf3 Bxe5 21.b3 Rfd8
22.Ke4 Bd4 23.f4 a5 24.a4 Kg7 25.g4 Rab8 26.Rd3 f5+ 27.Kf3 Kf6 28.Re1 Rd6
29.h4 fxg4+ 30.Kxg4 Rf8 31.Rd2 h5+ 32.Kh3 Kg7 33.Re4 Rf6 34.Rde2 Kf7 35.Kg3 Bc3
36.R2e3 Bd2 37.Rd3 Rxd3+ 38.Bxd3 Ke7 39.Bb5 Kd6 40.Bc4 Bc3 41.Kg2 Bd4 42.Re2 e5
43.fxe5+ Bxe5 44.Rf2 Bf4 45.Kh3 Kd7 46.Rf1 Ke7 47.Re1+ Kd6 48.Rf1 Ke5 49.Re1+ Kd4
50.Re6 Rxe6  1/2-1/2

[Event "New York op"]
[Site "New York"]
[Date "1993.??.??"]
[Round "3"]
[White "Novikov, Igor A"]
[Black "Tolnai, Tibor"]
[Result "1-0"]
[WhiteElo "2540"]
[BlackElo "2500"]

1.d4 Nf6 2.c4 e6 3.Nf3 c5 4.d5 exd5 5.cxd5 d6 6.Nc3 g6 7.h3 a6 8.a4 Bg7 9.e4 O-O
10.Bd3 Nbd7 11.O-O Qe7 12.Re1 Re8 13.Bf4 Nh5 14.Bh2 Be5 15.Nxe5 dxe5 16.Qf3 Qd6
17.Bf1 Rb8 18.a5 b5 19.axb6 Rxb6 20.Na4 Rb4 21.b3 Qb8 22.Re3 Ng7 23.Rc1 Qd6
24.Rec3 f5 25.Nxc5 Nxc5 26.Rxc5 Bd7 27.exf5 Nxf5 28.Qc3 Rd4 29.Ra1 Ra8 30.Rca5 Rc8
31.Qe1 Qb4 32.Qxb4 Rxb4 33.Bxa6 Re8 34.Bc4 Nd6 35.Rc5 Bb5 36.Rc1 Re7 37.Bg3 Kf7
38.Kh2 g5 39.Rc2 h5 40.f3 Bxc4 41.bxc4 h4 42.Bf2 Rb1 43.Rc6 Nf5 44.Rb6 Rxb6
45.Bxb6 e4 46.fxe4 Rxe4 47.Bf2 Ne7 48.Rc3  1-0

[Event "New York op"]
[Site "New York"]
[Date "1993.??.??"]
[Round "4"]
[White "Ashley, Maurice"]
[Black "Novikov, Igor A"]
[Result "1/2-1/2"]
[WhiteElo "2365"]
[BlackElo "2540"]

1.d4 d5 2.c4 e6 3.Nc3 c6 4.e4 dxe4 5.Nxe4 Bb4+ 6.Nc3 c5 7.Nf3 Nf6 8.Be3 cxd4
9.Nxd4 O-O 10.Qb3 Qe7 11.Be2 Ne4 12.Nb5 Nxc3 13.Nxc3 Nc6 14.O-O b6 15.Ne4 f5
16.a3 Ba5 17.Qc2 fxe4 18.b4 Bxb4 19.axb4 Nxb4 20.Qxe4 Bb7 21.Qg4 Qf7 22.Rfc1 Na6
23.Ra3 Nc5 24.Rca1 Bc6 25.h3 Ne4 26.Bd3 Nd6 27.Bd4 Rfe8 28.Be5 Nf5 29.Qf4 Re7
30.Kh2 Rd7 31.R1a2 Nh6 32.Qh4 Rf8 33.f4 Nf5 34.Bxf5 exf5 35.Rg3 Qe6 36.Re2 Be4
37.Rd2 g6 38.Qh6 Rff7 39.Rxd7 Rxd7 40.h4 Qe7 41.h5 Qh4+ 42.Rh3 Qg4 43.Rg3 Qh4+
44.Rh3 Qg4 45.Rg3  1/2-1/2

[Event "Antwerp op"]
[Site "Antwerp"]
[Date "1994.??.??"]
[Round "2"]
[White "Novikov, Igor A"]
[Black "Meulders, Richard"]
[Result "1-0"]
[WhiteElo "2570"]
[BlackElo "2300"]

1.d4 c5 2.d5 e6 3.c4 exd5 4.cxd5 d6 5.Nc3 Be7 6.e4 a6 7.a4 Bf6 8.Bd3 Ne7
9.Nge2 Ng6 10.Ng3 O-O 11.O-O b6 12.Bd2 Re8 13.Rb1 Qc7 14.Qc2 Nd7 15.b3 Rb8
16.f4 Ndf8 17.Kh1 Bh4 18.Nf5 Bf6 19.Ne3 Bxc3 20.Bxc3 b5 21.axb5 axb5 22.Qf2 Nd7
23.Nf5 f6 24.Ra1 b4 25.Bb2 Nb6 26.Ne3 Bd7 27.Qg3 Kh8 28.e5 dxe5 29.Bxg6 hxg6
30.fxe5 fxe5 31.Qxg6 Rf8 32.d6 Qb7 33.Bxe5 Bb5 34.Nf5  1-0

[Event "AUT-chT"]
[Site "?"]
[Date "1994.??.??"]
[Round "?"]
[White "Popovic, Petar"]
[Black "Novikov, Igor A"]
[Result "0-1"]
[WhiteElo "2520"]
[BlackElo "2545"]

1.e4 c5 2.Nf3 d6 3.d4 cxd4 4.Nxd4 Nf6 5.Nc3 a6 6.Be2 e6 7.O-O Be7 8.f4 Qc7
9.Be3 O-O 10.g4 Re8 11.g5 Nfd7 12.f5 Bf8 13.g6 hxg6 14.fxe6 fxe6 15.Bh5 gxh5
16.Qxh5 Nf6 17.Rxf6 gxf6 18.Qxe8 Qd7 19.Qh5 Qh7 20.Qf3 Kf7 21.Kh1 Nd7 22.Rf1 Be7
23.Qg3 Ne5 24.Bf4 Bd7 25.Bxe5 Rg8 26.Qd3 dxe5 27.Nf3 Ke8 28.Rd1 Bc6 29.Rd2 Rg4  0-1

[Event "Bern op"]
[Site "Bern"]
[Date "1994.??.??"]
[Round "4"]
[White "Licina, Anita"]
[Black "Novikov, Igor A"]
[Result "0-1"]
[WhiteElo "2125"]
[BlackElo "2565"]

1.e4 c5 2.Nf3 d6 3.d4 cxd4 4.Nxd4 Nf6 5.Nc3 a6 6.Bg5 e6 7.f4 Qb6 8.Qd2 Qxb2
9.Rb1 Qa3 10.f5 Nc6 11.fxe6 fxe6 12.Nxc6 bxc6 13.e5 dxe5 14.Bxf6 gxf6 15.Ne4 Be7
16.Be2 h5 17.Rb3 Qa4 18.Nxf6+ Bxf6 19.O-O Qd4+ 20.Qxd4 exd4 21.Rxf6 Ke7 22.Rg6 Bd7
23.Rb7 Kd6 24.Rg7 Rad8 25.Ra7 Bc8 26.Rh7 e5 27.Rxh8 Rxh8 28.Ra8 a5 29.Ba6 Kc7
30.Kf2 Rf8+ 31.Ke1 Rd8 32.Bxc8 Rxc8 33.Rxa5 Kd6 34.Ra7 Rg8 35.Kf2 e4 36.Rh7 e3+
37.Kf3 Rf8+ 38.Ke2 c5 39.Rxh5 Rf2+ 40.Kd1 Rd2+ 41.Kc1 Rxg2 42.Kd1 c4 43.Rh3 Rg1+
44.Ke2 Rc1  0-1

[Event "Bern op"]
[Site "Bern"]
[Date "1994.??.??"]
[Round "5"]
[White "Novikov, Igor A"]
[Black "Schwaegli, Bruno"]
[Result "1-0"]
[WhiteElo "2565"]
[BlackElo "2295"]

1.d4 d5 2.c4 e6 3.Nf3 c5 4.cxd5 exd5 5.g3 Nc6 6.Bg2 Nf6 7.O-O Be7 8.Nc3 O-O
9.Bg5 cxd4 10.Nxd4 h6 11.Be3 Re8 12.Rc1 Bg4 13.h3 Be6 14.Kh2 Qd7 15.Qa4 a6
16.Nxc6 bxc6 17.Rfd1 Qb7 18.Bd4 Nd7 19.e4 Red8 20.exd5 cxd5 21.Qa5 Bb4 22.Bxd5 Bxa5
23.Bxb7 Rab8 24.Bxa6 Rxb2 25.Nd5 Rxa2 26.Bc4 Rd2 27.Ne7+ Kf8 28.Bxe6 Rxd1
29.Rxd1 Kxe7 30.Bb3 Kf8 31.Kg2 Kg8 32.Be3 Nf8 33.Ra1 Bc3 34.Ra7 Rd7 35.Ra8 Bf6
36.h4 Rd8 37.Ra6 Bd4 38.Bf4 Rd7 39.g4 Rb7 40.Bd5 Rd7 41.Bb3 Rb7 42.Bc4 Bc5
43.Rc6 Be7 44.h5 Rd7 45.Be5 Nh7 46.Rc8+ Nf8 47.f4 Bf6 48.Bc7 Be7 49.Kf3 Rd4
50.Bb6 Rd7 51.Ke4 Bf6 52.Bd5 Be7 53.Kd4 Kh7 54.Kc4 Ne6 55.Be4+ g6 56.hxg6+ fxg6
57.f5 Nf8 58.fxg6+ Nxg6 59.Bd4 Bd8 60.Rc6 Rc7 61.Bxg6+  1-0

[Event "Bern op"]
[Site "Bern"]
[Date "1994.??.??"]
[Round "9"]
[White "Dolmatov, Sergey"]
[Black "Novikov, Igor A"]
[Result "1/2-1/2"]
[WhiteElo "2610"]
[BlackElo "2565"]

1.e4 c5 2.Nf3 d6 3.d4 cxd4 4.Nxd4 Nf6 5.Nc3 a6 6.Be2 e6 7.O-O Be7 8.a4 O-O
9.Be3 Nc6 10.f4 Qc7 11.Qe1 Nxd4 12.Bxd4 e5 13.Be3 exf4 14.Bxf4 Be6 15.Qg3 Nd7
16.Bh6 Qc5+ 17.Kh1 Qe5 18.Bf4 Qc5 19.Bh6 Qe5  1/2-1/2

[Event "Cap d'Agde op"]
[Site "Cap d'Agde"]
[Date "1994.??.??"]
[Round "?"]
[White "Kurajica, Bojan"]
[Black "Novikov, Igor A"]
[Result "1/2-1/2"]
[WhiteElo "2565"]
[BlackElo "2570"]

1.d4 d5 2.c4 e6 3.e3 Nf6 4.Nf3 c5 5.cxd5 exd5 6.Bb5+ Nc6 7.O-O Bd6 8.Bxc6+ bxc6
9.dxc5 Bxc5 10.Qc2 Qd6 11.b3 Bd7 12.Bb2 Bb6 13.Nbd2 O-O 14.Ng5 h6 15.Bxf6 hxg5
16.Bxg5 Rfe8 17.Rac1 c5 18.Rfd1 Qe6 19.Nf3 Rac8 20.Bf4 f6 21.Qd3 Bc6 22.Nh4 d4
23.exd4 cxd4 24.Qf5 Bd7 25.Qxe6+ Bxe6 26.Nf3 Rxc1 27.Rxc1 Bg4 28.Kf1 d3 29.Rd1 Re4
30.Be3 Bxe3 31.fxe3 Rxe3 32.Kf2 Bxf3 33.gxf3 Re2+ 34.Kg3 Rxa2 35.Rxd3  1/2-1/2

[Event "Cap d'Agde op"]
[Site "Cap d'Agde"]
[Date "1994.??.??"]
[Round "?"]
[White "Savchenko, Stanislav"]
[Black "Novikov, Igor A"]
[Result "1/2-1/2"]
[WhiteElo "2570"]
[BlackElo "2570"]

1.d4 d5 2.c4 e6 3.Nf3 Nf6 4.Bg5 h6 5.Bxf6 Qxf6 6.Nc3 c6 7.e3 Nd7 8.Bd3 g6
9.O-O dxc4 10.Bxc4 Bg7 11.Qe2 O-O 12.Rfd1 b6 13.e4 Bb7 14.e5 Qe7 15.Bb3 Rad8
16.Re1 a6 17.a4 b5 18.axb5 cxb5 19.Bc2 Bxf3 20.Qxf3 Qb4 21.Ne2 Qxb2 22.Qe4 Qb4
23.Reb1 Qd2 24.Rd1 Qb4 25.Rdb1 Qd2 26.Rxa6 Rc8 27.Ra2 Rfd8 28.h4 Nxe5 29.Bb3 Qd3
30.Qxd3 Nxd3 31.Bc2 Nxf2 32.Kxf2 Bxd4+ 33.Kf3 Bf6 34.h5 Rd2 35.Bb3 Rxa2 36.Bxa2 Ra8
37.Bb3 gxh5 38.Bc2 Rb8 39.Ke4 b4 40.Nd4 Rb6 41.Rb3 Kg7 42.Ne2  1/2-1/2

[Event "Ostrava"]
[Site "Ostrava"]
[Date "1994.??.??"]
[Round "3"]
[White "Novikov, Igor A"]
[Black "Ftacnik, Lubomir"]
[Result "1/2-1/2"]
[WhiteElo "2565"]
[BlackElo "2565"]

1.d4 Nf6 2.c4 g6 3.Nc3 d5 4.Nf3 Bg7 5.cxd5 Nxd5 6.e4 Nxc3 7.bxc3 c5 8.Rb1 O-O
9.Be2 Nc6 10.d5 Ne5 11.Nxe5 Bxe5 12.Qd2 Bg7 13.O-O e6 14.Bc4 Qf6 15.dxe6 Bxe6
16.Bxe6 Qxe6 17.Rxb7  1/2-1/2

[Event "Ostrava"]
[Site "Ostrava"]
[Date "1994.??.??"]
[Round "4"]
[White "Haba, Petr"]
[Black "Novikov, Igor A"]
[Result "1/2-1/2"]
[WhiteElo "2475"]
[BlackElo "2565"]

1.d4 d5 2.Nf3 Nf6 3.c4 c6 4.Nc3 e6 5.Bg5 h6 6.Bxf6 Qxf6 7.e3 Nd7 8.Bd3 g6
9.O-O dxc4 10.Bxc4 Bg7 11.e4 e5 12.d5 Nb6 13.Bb3 O-O 14.Nd2 Rd8 15.Qe2 Bd7
16.Rfd1 Be8 17.a4 a5 18.Qe3 Nd7 19.Nc4 Bf8 20.Nb6 Nxb6 21.Qxb6 Qe7 22.Qe3 Qg5
23.Qb6 Rd7 24.dxc6 Rxd1+ 25.Nxd1 bxc6 26.Ne3 Bb4 27.Rd1 Qe7 28.Nd5 Qa7 29.Nf6+ Kf8
30.Qxa7 Rxa7 31.Rd8 Ke7 32.Rxe8+ Kxf6 33.Rc8 c5 34.g3 Re7 35.Bd5 Kg7 36.Kg2 Kf6
37.Ra8 Rc7 38.b3  1/2-1/2

[Event "Ostrava"]
[Site "Ostrava"]
[Date "1994.??.??"]
[Round "11"]
[White "Novikov, Igor A"]
[Black "Kavalek, Lubomir"]
[Result "1-0"]
[WhiteElo "2565"]
[BlackElo "2550"]

1.d4 d6 2.e4 Nf6 3.f3 c5 4.d5 g6 5.c4 Bg7 6.Nc3 O-O 7.Bg5 e6 8.Qd2 exd5 9.cxd5 a6
10.a4 Nbd7 11.Nh3 Qa5 12.Ra3 c4 13.Nf2 Qb4 14.Na2 Qxd2+ 15.Kxd2 Ne5 16.a5 Bd7
17.Be2 Bb5 18.Nc3 Rfc8 19.Rb1 Ned7 20.b4 Ne8 21.Nfd1 Ne5 22.Be3 f5 23.f4 Nd7
24.exf5 gxf5 25.g4 Nc7 26.g5 Nf8 27.h4 Ng6 28.h5 Ne7 29.Bf3 Be8 30.Bb6 Nb5
31.Nxb5 axb5 32.Re3 Kf8 33.Nc3 Bf7 34.Rd1 Bxc3+ 35.Kxc3 Re8 36.Kc2 Rac8 37.Rd2 Ng8
38.Rxe8+ Kxe8 39.Bd4 Kf8 40.Rh2 Ne7 41.g6 Bg8 42.gxh7 Bxh7 43.Rg2 Bg8 44.h6  1-0

[Event "Antwerp op"]
[Site "Antwerp"]
[Date "1995.??.??"]
[Round "1"]
[White "Novikov, Igor A"]
[Black "Lacrosse, Marc"]
[Result "1-0"]
[WhiteElo "2580"]
[BlackElo "2240"]

1.d4 d5 2.c4 e6 3.Nf3 Nf6 4.Nc3 c6 5.Bg5 Nbd7 6.e3 Qa5 7.Nd2 Bb4 8.Qc2 O-O
9.Be2 b6 10.O-O Bxc3 11.bxc3 Ba6 12.f4 Rac8 13.a4 dxc4 14.e4 c5 15.d5 exd5
16.e5 Ne4 17.Nxe4 dxe4 18.Bg4 f5 19.exf6 Nxf6 20.Be6+ Kh8 21.Bxf6 gxf6 22.Bxc8 Bxc8
23.Rad1 Qa6 24.Qxe4 Qxa4 25.Rfe1 Kg7 26.f5  1-0

[Event "Antwerp op"]
[Site "Antwerp"]
[Date "1995.??.??"]
[Round "2"]
[White "Wirschell, Taco"]
[Black "Novikov, Igor A"]
[Result "0-1"]
[WhiteElo "2320"]
[BlackElo "2580"]

1.e4 c5 2.Nf3 d6 3.d4 cxd4 4.Nxd4 Nf6 5.Nc3 a6 6.Bg5 e6 7.f4 Qb6 8.Nb3 Be7
9.Qf3 Nbd7 10.O-O-O Qc7 11.Be2 b5 12.e5 Bb7 13.Qg3 dxe5 14.fxe5 Ne4 15.Nxe4 Bxe4
16.Rd2 Bxg5 17.Qxg5 Qxe5 18.Qxe5 Nxe5 19.Re1 Bd5 20.Bh5 Bxb3 21.Rxe5 Bxa2
22.b3 Ke7 23.Kb2 Bxb3 24.cxb3 Rhc8 25.Re3 Rc5 26.Bf3 Rac8 27.Bb7 Rb8 28.Be4 a5
29.Rc3 Rxc3 30.Kxc3 Rc8+ 31.Kb2 f5 32.Rc2 Rxc2+ 33.Bxc2 Kd6 34.Kc3 Kc5 35.Bb1 g6
36.Bc2 e5 37.g3 e4 38.Bd1 h6 39.Bc2 Kd5 40.Bd1 g5 41.Bh5 f4 42.Bf7+ Kc5 43.Bg6 b4+
44.Kd2 Kd4 45.Be8 Kd5 46.Bf7+ Ke5 47.Be8 Kd4 48.Bf7 e3+ 49.Kc2 f3 50.Bh5 a4
51.bxa4 b3+ 52.Kd1 b2 53.Bg6 Kc5 54.Be4 Kb4 55.Bc2 Kc3 56.Be4 e2+ 57.Ke1 Kd4
58.Bb1  0-1

[Event "Antwerp op"]
[Site "Antwerp"]
[Date "1995.??.??"]
[Round "9"]
[White "Akesson, Ralf"]
[Black "Novikov, Igor A"]
[Result "1/2-1/2"]
[WhiteElo "2465"]
[BlackElo "2580"]

1.d4 Nf6 2.Nf3 d5 3.c4 e6 4.Nc3 c6 5.cxd5 exd5 6.Bg5 Be7 7.Qc2 g6 8.e3 Bf5
9.Bd3 Bxd3 10.Qxd3 Nbd7 11.O-O O-O 12.Rab1  1/2-1/2

[Event "Cappelle op"]
[Site "Cappelle la Grande"]
[Date "1995.??.??"]
[Round "4"]
[White "Beckhuis, Gernod"]
[Black "Novikov, Igor A"]
[Result "0-1"]
[WhiteElo "2265"]
[BlackElo "2590"]

1.d4 d5 2.c4 e6 3.Nc3 c6 4.e4 dxe4 5.Nxe4 Bb4+ 6.Bd2 Qxd4 7.Bxb4 Qxe4+ 8.Be2 Na6
9.Bc3 Ne7 10.Bxg7 Rg8 11.Bf6 Qf4 12.Bc3 Rxg2 13.Nf3 Nf5 14.Qd2 Qxd2+ 15.Nxd2 Ke7
16.Ne4 Rg6 17.O-O-O c5 18.Rhg1 Nd4 19.Bh5 Rh6 20.Rg5 b6 21.Bxd4 cxd4 22.Rxd4 Bb7
23.Kd2 Bxe4 24.Rxe4 Rd8+ 25.Ke3 Nc5 26.Rd4 Rxd4 27.Kxd4 a5 28.h3 f6  0-1

[Event "Graz op"]
[Site "Graz"]
[Date "1995.??.??"]
[Round "1"]
[White "Stanka, Wolfgang"]
[Black "Novikov, Igor A"]
[Result "0-1"]
[WhiteElo "2230"]
[BlackElo "2580"]

1.e4 c5 2.Nf3 d6 3.d4 cxd4 4.Nxd4 Nf6 5.Nc3 a6 6.Bc4 e6 7.Bb3 b5 8.a3 Be7
9.Be3 O-O 10.f3 Bb7 11.Bxe6 fxe6 12.Nxe6 Qc8 13.Nxf8 Bxf8 14.O-O Nbd7 15.Qe2 Ne5
16.Rad1 Nc4 17.Bd4 Nxb2 18.Rb1 Nc4 19.a4 Qc6 20.axb5 axb5 21.Bxf6 gxf6 22.Kh1 Na3
23.Rb3 b4 24.Ra1 Qc5 25.Nd5 Nxc2 26.Rxa8 Bxa8 27.Nxf6+ Kf7 28.Nd7 Qc6 29.Qd2 Qxd7
30.Qxc2 Qb5 31.h3 Kg8 32.Qd2 Bc6 33.Rxb4 Qe5 34.Rc4 Bd7 35.f4 Qe6 36.Rc7 Be8
37.f5 Qf6 38.g4 h6 39.Kg2 Bf7 40.Qc3 Qg5 41.Kg3 Bg7 42.Qc1 Qf6 43.h4 Qe5+
44.Qf4 Qd4 45.f6 Bxf6 46.Rxf7 Qg1+ 47.Kf3 Qf1+ 48.Kg3 Qxf4+ 49.Kxf4 Kxf7
50.Kf5 Be5 51.g5 hxg5 52.Kxg5 Kg7 53.h5 Kf7 54.h6 Bd4 55.Kf5 Bf6 56.h7 Be5
57.Kg5 Kg7  0-1